| 000 | 00555nam a2200181Ia 4500 | ||
|---|---|---|---|
| 008 | 090123s9999 xx 000 0 und d | ||
| 082 | _b13368 | ||
| 100 | _aगाडगीळ बाळ | ||
| 245 | _aमाशाचे अश्रु | ||
| 250 | _a2 | ||
| 260 |
_bकॉन्टिनेंटल प्रकाशन _c1966 |
||
| 300 | _a109 | ||
| 600 | _aगाडगीळ बाळ | ||
| 630 | _aमाशाचे अश्रु | ||
| 700 | _aगाडगीळ बाळ | ||
| 730 | _aमाशाचे अश्रु | ||
| 942 | _cBOOK | ||
| 999 |
_c51430 _d51430 |
||